header

Energy efficiency finance (Record no. 79309)

MARC details
000 -LEADER
fixed length control field 01116nam a2200277Ia 4500
245 00 - TITLE STATEMENT
Title Energy efficiency finance
260 ## - PUBLICATION, DISTRIBUTION, ETC. (IMPRINT)
Place of publication Washington, D.C. :
Name of publisher World Bank,
Year of publication c2010.
300 ## - PHYSICAL DESCRIPTION
Number of Pages xiv, 75 p.
650 #0 - SUBJECT ADDED ENTRY--TOPICAL TERM
Topical Term Energy conservation
Topical Term Energy policy
856 40 - ELECTRONIC LOCATION AND ACCESS
Uniform Resource Identifier http://site.ebrary.com/lib/rucke/Doc?id=10408446

No items available.

© 2026 Rongo University
Contact us: librarian | system librarian | Rongo university